Volkswirtschaftslehre Lehrbuch der Volkswirtschaftstheorie und Volkswirtschaftspolitik

Gespeichert in:
Bibliographische Detailangaben
1. Verfasser: Dahl, Dieter
Format: Buch
Sprache:Deutsch
Veröffentlicht: Wiesbaden Gabler 1988
Ausgabe:6. überarb. Aufl.
Schlagworte:
Tags: Tag hinzufügen
Keine Tags, Fügen Sie das erste Tag hinzu!

MARC

LEADER 00000nam a2200000 4500
001 c004943
005 20221206134637.4
020 |a 3-409-60216-X 
041 0 |a ger 
044 |a DE 
245 1 0 |a Volkswirtschaftslehre  |b Lehrbuch der Volkswirtschaftstheorie und Volkswirtschaftspolitik  |c Dieter Dahl 
250 |a 6. überarb. Aufl. 
264 1 |a Wiesbaden  |b Gabler  |c 1988 
300 |a 669 s.  |e príl. 
610 2 0 |a veda ekonomická 
610 2 0 |a hospodárstvo národné 
610 2 0 |a politika hospodárska 
610 2 0 |a teórie ekonomické 
610 2 0 |a ceny 
610 2 0 |a modely makroekonomické 
610 2 0 |a teória peňažná 
610 2 0 |a konjunktúra 
610 2 0 |a vzťahy hospodárske medzinárodné 
610 2 0 |a obchod zahraničný 
610 2 0 |a faktory výrobné 
100 1 |a Dahl, Dieter